000 00522nam a2200181Ia 4500
005 20250508162220.0
008 008 250505s9999 xx 000 0 eng d
037 _aTextual
040 _aFEDL
_beng
_cFEDL
041 _aeng
_2eng
084 _a657, GUP
_qFEDL
100 _aGupta R L
245 0 _aProblems and solutions in advanced accounting
250 _a4th Rev, and Enlarged Ed.
260 _aNew Delhi, India
_bSultan Chand and Sons
_c1982
942 _cTEXL
_h657, GUP
999 _c1375160
_d1375160